Statistics for 2018 Players Championship Finals

Click here to take the quiz!

General Stats

  • This quiz has been taken 3 times
  • The average score is 51 of 64

Answer Stats

SeedCountryPlayer% Correct
5EnglandAdrian Lewis
100%
43EnglandAndrew Gilding
100%
32Northern IrelandBrendan Dolan
100%
59SpainCristo Reyes
100%
12NetherlandsDanny Noppert
100%
19EnglandDarren Webster
100%
16Northern IrelandDaryl Gurney
100%
9EnglandDave Chisnall
100%
54BelgiumDimitri van den Bergh
100%
22GermanyGabriel Clemens
100%
2ScotlandGary Anderson
100%
37WalesGerwyn Price
100%
1EnglandIan White
100%
8EnglandJames Wade
100%
56WalesJamie Lewis
100%
10NetherlandsJeffrey de Zwaan
100%
55NetherlandsJelle Klaasen
100%
14NetherlandsJermaine Wattimena
100%
47EnglandJoe Cullen
100%
18ScotlandJohn Henderson
100%
26WalesJonny Clayton
100%
50BelgiumKim Huybrechts
100%
28PolandKrzysztof Ratajski
100%
34AustraliaKyle Anderson
100%
45LatviaMadars Razma
100%
39WalesMark Webster
100%
40GermanyMartin Schindler
100%
29GermanyMax Hopp
100%
35AustriaMensur Suljovic
100%
21EnglandMervyn King
100%
7EnglandMichael Smith
100%
3NetherlandsMichael van Gerwen
100%
20Northern IrelandMickey Mansell
100%
4ScotlandPeter Wright
100%
49ScotlandRobert Thornton
100%
41NetherlandsRon Meulenkamp
100%
57EnglandRoss Smith
100%
53AustriaRowby-John Rodriguez
100%
48EnglandRyan Searle
100%
64EnglandScott Taylor
100%
31AustraliaSimon Whitlock
100%
13EnglandStephen Bunting
100%
38Republic of IrelandSteve Lennon
100%
61SpainToni Alcinas
100%
58NetherlandsVincent van der Voort
100%
60EnglandAdam Hunt
50%
46NetherlandsJeffrey de Graaf
50%
17EnglandJosh Payne
50%
62EnglandMatthew Edgar
50%
33EnglandMichael Barnard
50%
25EnglandNathan Aspinall
50%
52EnglandRichard North
50%
23EnglandRicky Evans
50%
6EnglandRob Cross
50%
27EnglandRyan Joyce
50%
15EnglandSteve Beaton
50%
36EnglandSteve West
50%
63EnglandAlan Tabern
0%
24EnglandChris Dobey
0%
11EnglandJames Wilson
0%
42NetherlandsJan Dekker
0%
30EnglandKeegan Brown
0%
44EnglandSimon Stevenson
0%
51EnglandStephen Burton
0%

Score Distribution

Percentile by Number Answered

Percent of People with Each Score

Your Score History

You have not taken this quiz